| 000 | nam a22 a 4500 | ||
|---|---|---|---|
| 999 |
_c19 _d19 |
||
| 003 | AKMAL | ||
| 005 | 20170413112551.0 | ||
| 008 | 170413t2007 my a e | 000 0 may d | ||
| 020 |
_a9789831242858 (kkt.) : _cRM9.00 |
||
| 040 | _aAKMAL | ||
| 082 | 0 | 4 |
_a613.2 _222 |
| 090 | 0 | 0 |
_a613.2 _bRAH |
| 245 | 0 | 0 |
_aRahsia diet : _bsihat sepanjang usia / _cpenyelenggara Norafidah Mat Rashad |
| 260 |
_aShah Alam: _bAlaf 21, _c2007 |
||
| 300 |
_a268ms. : _bil. ; _c19cm. |
||
| 650 | 1 | 0 |
_aDiet _xHealth aspects _967 |
| 650 | 2 | 0 |
_aSelf-care, Health _968 |
| 700 | 0 |
_aNorafidah Mat Rashad _969 |
|
| 942 |
_2ddc _cBOOK |
||